| 000 | 00675nam a22002057a 4500 | ||
|---|---|---|---|
| 005 | 20131218114719.0 | ||
| 010 | _aENG-108865 | ||
| 020 |
_a9789383158065 _c895.00 |
||
| 035 | _aEN-92398 | ||
| 037 | _bDBAD/PUB | ||
| 082 | _a362.40954 | ||
| 100 | _aOtta, Braja Mohan | ||
| 245 |
_aEffect of aging on disability / _cby Braja Mohan Otta |
||
| 260 |
_aNew Delhi _bS.K. Book Agency _c2013 |
||
| 270 |
_a5A/12, Ansari Road Daryaganj _bNew Delhi _e110002 |
||
| 300 |
_axvi,223p. : _c22cm(Hb) _bill. |
||
| 500 | _aIncludes bibliographical references (p. [209]-219) and index. | ||
| 650 |
_aDisabilities _xAge factors _zIndia |
||
| 942 |
_2ddc _cEN _mOTT _h362.40954 |
||
| 999 |
_c81220 _d81220 |
||